| 000 | 00505cam a2200193ua 4500 | ||
|---|---|---|---|
| 001 | 770 | ||
| 005 | 20260515113225.0 | ||
| 008 | 110419n ii |||gr||||Z||||||eng | ||
| 040 | _cMAIN | ||
| 082 | _a320.5 | ||
| 245 | 1 |
_aAspects of political developement. _cBy Lucian W Pye. |
|
| 250 | _a1st. | ||
| 260 |
_aCalcutta.: _bAmerind publishing co.,966. |
||
| 300 |
_a205 p.: _c20 cm. |
||
| 653 | _aPolitical science. | ||
| 653 | _aAspects of political developement. | ||
| 700 | _aPye, Lucian W., | ||
| 942 | _cBK | ||
| 999 |
_c696 _d696 |
||